Community health nursing : (Record no. 2300)

000 -LEADER
fixed length control field 01012nam a2200325 a 4500
003 - CONTROL NUMBER IDENTIFIER
control field ALUPE UNIVERSITY
005 - DATE AND TIME OF LATEST TRANSACTION
control field 20210708070115.0
008 - FIXED-LENGTH DATA ELEMENTS--GENERAL INFORMATION
fixed length control field 031105s2005 onca b 001 0 eng
020 ## - INTERNATIONAL STANDARD BOOK NUMBER
International Standard Book Number 0130765724
040 ## - CATALOGING SOURCE
Transcribing agency ALUPE UNIVERSITY
042 ## - AUTHENTICATION CODE
Authentication code nlmcopyc
043 ## - GEOGRAPHIC AREA CODE
Geographic area code n-cn---
049 ## - LOCAL HOLDINGS (OCLC)
Holding library UOHA
050 ## - LIBRARY OF CONGRESS CALL NUMBER
Classification number RT 98
Item number .S73 2005
055 #3 - CLASSIFICATION NUMBERS ASSIGNED IN CANADA
Classification number RT98
Item number S73 2005
060 00 - NATIONAL LIBRARY OF MEDICINE CALL NUMBER
Classification number 2004 F-198
060 10 - NATIONAL LIBRARY OF MEDICINE CALL NUMBER
Classification number WY 106
Item number C73427 2005
090 ## - LOCALLY ASSIGNED LC-TYPE CALL NUMBER (OCLC); LOCAL CALL NUMBER (RLIN)
Classification number (OCLC) (R) ; Classification number, CALL (RLIN) (NR) RT98 .C373 2005
245 00 - TITLE STATEMENT
Title Community health nursing :
Remainder of title a Canadian perspective /
Statement of responsibility, etc. edited by Lynnette Leeseberg Stamler, Lucia Yiu.
260 ## - PUBLICATION, DISTRIBUTION, ETC.
Place of publication, distribution, etc. Toronto :
Name of publisher, distributor, etc. Pearson Prentice Hall,
Date of publication, distribution, etc. c2005.
300 ## - PHYSICAL DESCRIPTION
Extent xx, 396 p. :
Other physical details ill. ;
Dimensions 28 cm.
504 ## - BIBLIOGRAPHY, ETC. NOTE
Bibliography, etc. note Includes bibliographical references and index.
650 #0 - SUBJECT ADDED ENTRY--TOPICAL TERM
Topical term or geographic name entry element Community health nursing
Geographic subdivision Canada.
650 #0 - SUBJECT ADDED ENTRY--TOPICAL TERM
Topical term or geographic name entry element Community health nursing
Geographic subdivision Canada
Form subdivision Textbooks.
700 1# - ADDED ENTRY--PERSONAL NAME
Personal name Stamler, Lynnette Leeseberg,
Dates associated with a name 1952-
700 1# - ADDED ENTRY--PERSONAL NAME
Personal name Yiu, Lucia,
Dates associated with a name 1951-
907 ## - LOCAL DATA ELEMENT G, LDG (RLIN)
a .b24178895
942 ## - ADDED ENTRY ELEMENTS (KOHA)
Source of classification or shelving scheme
Koha item type Book
Suppress in OPAC PW
Holdings
Withdrawn status Lost status Source of classification or shelving scheme Damaged status Not for loan Permanent Location Current Location Shelving location Date acquired Total Checkouts Full call number Barcode Date last seen Price effective from Koha item type Public note
          AU LIBRARY AU LIBRARY Open Shelf 08.07.2021   RT 98 .S73 2005 28001449 08.07.2021 08.07.2021 Book PW

Powered by Koha